书目信息 |
| 题名: |
富里哀变换与拉普拉斯变换
|
|
| 作者: | 河田龙夫 著 ;钱端壮 译 | |
| 分册: | ||
| 出版信息: | 上海 上海科学技术出版社 1961.11 |
|
| 页数: | 196页 | |
| 开本: | 20cm | |
| 丛书名: | 现代应用数学丛书 | |
| 单 册: | ||
| 中图分类: | O174.22 | |
| 科图分类: | ||
| 主题词: | 数学分析 | |
| 电子资源: | ||
| ISBN: | ||
| 000 | 00690nam0 2200217 450 | |
| 001 | 0659898219 | |
| 005 | 20060815103621.31 | |
| 010 | @dCNY1.10 | |
| 100 | @a20060728d1961 km y0chiy0120 ea | |
| 101 | 0 | @achi@cjpn |
| 102 | @aCN@b310000 | |
| 200 | 1 | @a富里哀变换与拉普拉斯变换@Afu li ai bian huan yu la pu la si bian huan@f(日)河田龙夫著@F(ri)he tian long fu zhu@g钱端壮译@Gqian duan zhuang yi |
| 210 | @a上海@c上海科学技术出版社@d1961.11 | |
| 215 | @a196页@d20cm | |
| 225 | 2 | @a现代应用数学丛书 |
| 606 | 0 | @a数学分析 |
| 690 | @aO174.22@v3 | |
| 701 | 0 | @a河田龙夫@Ahe tian long fu@4著 |
| 702 | 0 | @a钱端壮@Aqian duan zhuang@4译 |
| 801 | 0 | @aCN@bPFT@c20060815 |
| 905 | @a10447@dO174.22@e160 | |
| 富里哀变换与拉普拉斯变换/(日)河田龙夫著/钱端壮译.-上海:上海科学技术出版社,1961.11 |
| 196页;20cm.-(现代应用数学丛书) |
| ISBN :CNY1.10 |
| ● |
| 相关链接 |
|
|
|
|
正题名:富里哀变换与拉普拉斯变换
索取号:O174.22/160
 
预约/预借
| 序号 | 登录号 | 条形码 | 馆藏地/架位号 | 状态 | 备注 |
| 1 | 0442794 | 204427940 | 密集书库/ [索取号:O174.22/160] | 在馆 | |
| 2 | 0443205 | 204432051 | 密集书库/ [索取号:O174.22/160] | 在馆 | |
| 3 | 0461499 | 204614998 | 密集书库/ [索取号:O174.22/160] | 在馆 | |
| 4 | 0461500 | 204615005 | 密集书库/ [索取号:O174.22/160] | 在馆 |